000 00458nam a2200193Ia 4500
005 20240823023548.0
008 240823s9999||||xx |||||||||||||| ||und||
020 _a978-81-259-2790-7
041 _aENGLISH
082 _A624.171 P9
100 _aBhavikatti S S
245 0 _aStructural Analysis
250 _a2rd
260 _c2009
_bVikas Publishing New Delhi
500 _aTRANSFERED
650 _aAnalysis
_bCivil
942 _cBK
999 _c181839
_d181839